| 000 | 00917nam a2200301Ia 4500 | ||
|---|---|---|---|
| 001 | Para_6968 | ||
| 003 | CHAP | ||
| 008 | 220125s1940 xx 000 0 und d | ||
| 010 | _a205687 | ||
| 040 | _cCHAP | ||
| 082 | _aPA-C 633.34 A85 | ||
| 100 |
_aRufener, Woodrow W. _9171757 |
||
| 245 |
_aProduction and marketing of dry peas in the palouse area / _c by Woodrow W. Rufener |
||
| 260 |
_aPullman, Washington : _b State College of Washington. Agricultural Experiment Station |
||
| 300 | _a55 p. | ||
| 440 |
_aBulletin, 391 _9171758 |
||
| 500 | _aEncuadernado con otros impresos similares | ||
| 650 |
_aChÃcharo _x mercadeo _922264 |
||
| 650 |
_achÃcharo seco _922854 |
||
| 650 |
_aSoya _x EUA _9171217 |
||
| 901 | _aPA-C 633.34 A85 | ||
| 902 | _aA | ||
| 905 | _a0000001940 0000000000 00 | ||
| 910 | _a1940 | ||
| 942 | _cPARA | ||
| 942 |
_cPARA _d1 |
||
| 999 |
_c205687 _d205687 |
||